Joyce Carol Oates Bibliography (Pt. 2 2000-Present) - Statistics

General Stats
  • This quiz has been taken 6 times
  • The average score is 18 of 249
Answer Stats
Type Year Name % Correct
Short Story 2010 B***h
100%
Novel 2000 Blonde
100%
Novel 2014 Carthage
100%
Novel 2004 The Falls
100%
Novel 2017 A Book of American Martyrs
67%
Novel 2006 Black Girl / White Girl
67%
Novel 2015 Jack of Spades
67%
Novel 2001 Middle Age: A Romance
67%
Novel 2005 Missing Mom
67%
Novel 2019 My Life as a Rat
67%
Novel 2008 My Sister, My Love
67%
Novel 2020 Night. Sleep. Death. The Stars.
67%
Novel 2013 The Accursed
67%
Novel 2001 The Barrens
67%
Novel 2007 The Gravedigger's Daughter
67%
Novel 2019 The Pursuit
67%
Memoir 2011 A Widow's Story: A Memoir
33%
Young Adult Novel 2002 Big Mouth & Ugly Girl
33%
Novel 2013 Daddy Love
33%
Young Adult Novel 2003 Freaky Green Eyes
33%
Novel 2018 Hazards of Time Travel
33%
Novel 2002 I'll Take You There
33%
Novel 2009 Little Bird of Heaven
33%
Novel 2012 Mudwoman
33%
Novel 2003 Take Me, Take Me with You
33%
Short Story 2016 The Doll-Master
33%
Memoir 2007 The Journal of Joyce Carol Oates: 1973-1982
33%
Memoir 2015 The Lost Landscape: A Writer's Coming of Age
33%
Novel 2016 The Man Without a Shadow
33%
Short Story Collection 2007 The Museum of Dr. Moses: Tales of Mystery and Suspense
33%
Short Story Collection 2021 The (Other) You
33%
Novel 2015 The Sacrifice
33%
Novel 2005 The Stolen Heart
33%
Novel 2003 The Tattooed Girl
33%
Short Story 2001 Ugly
33%
Short Story 2014 A Book of Martyrs
0%
Short Story 2012 A Brutal Murder in a Public Place
0%
Novella 2010 A Fair Maiden
0%
Essay 2003 A Fragmented Diary in a Fragmented Time
0%
Essay 2013 After Black Rock
0%
Young Adult Novel 2006 After the Wreck, I Picked Myself Up, Spread My Wings, and Flew Away
0%
Short Story 2010 A Hole in the Head
0%
Short Story 2004 Aiding and Abetting
0%
Poetry Collection 2021 American Melancholy
0%
Short Story 2010 Amputee
0%
Short Story 2006 Angel of Mercy
0%
Short Story 2006 Angel of Wrath
0%
Short Story 2012 Anniversary
0%
Short Story 2009 A Princeton Idyll
0%
Short Story 2001 Au Sable
0%
Short Story 2010 Babysitter
0%
Short Story 2007 Bad Habits
0%
Short Story 2006 *BD*11 1 87
0%
Novella 2001 Beasts
0%
Short Story Collection 2018 Beautiful Days
0%
Short Story 2010 Beersheba
0%
Short Story 2014 Betrayal
0%
Short Story 2004 Between Us There's a Secret
0%
Short Story 2018 Big Burnt
0%
Short Story 2016 Big Momma
0%
Short Story Collection 2012 Black Dahlia & White Rose
0%
Short Story 2012 Black Dahlia & White Rose
0%
Short Story 2011 Bleeed
0%
Novel 2006 Blood Masks
0%
Short Story 2010 Bonobo Momma
0%
Short Story 2010 Bounty Hunter
0%
Short Story 2003 Capricorn
0%
Short Story 2004 Cumberland Breakdown
0%
Short Story 2004 Curly Red
0%
Short Story 2009 Cutty Sark
0%
Short Story Collection 2009 Dear Husband
0%
Short Story 2009 Dear Husband
0%
Short Story 2009 Dear Joyce Carol
0%
Short Story 2010 Death Certificate
0%
Short Story 2012 Deceit
0%
Short Story 2006 Dolls: A Romance of the Mississippi
0%
Short Story 2018 Donald Barthelme Saved from Oblivion
0%
Short Story 2010 Donor Organs
0%
Play 2004 Dr. Magic
0%
Play Collection 2004 Dr. Magic: Six One Act Plays
0%
Short Story 2008 EDickinsonRepliLuxe
0%
Short Story 2016 Equatorial
0%
Novella 2013 Evil Eye
0%
Novella Collection 2013 Evil Eye: Four Novellas of Love Gone Wrong
0%
Short Story 2018 Except You Bless Me
0%
Short Story 2001 Faithless
0%
Short Story Collection 2001 Faithless: Tales of Transgression
0%
Short Story 2006 Fat Man My Love
0%
Short Story 2004 Fire
0%
Short Story 2018 Fleuve Bleu
0%
Short Story 2014 Forked River Roadside Shrine, South Jersey
0%
Short Story 2010 Fossil-Figures
0%
Short Story 2018 Fractal
0%
Short Story 2004 Fugitive
0%
Short Story 2008 Gargoyle
0%
Short Story 2011 Give Me Your Heart
0%
Short Story Collection 2011 Give Me Your Heart: Tales of Mystery and Suspense
0%
Short Story 2008 Grandpa Clemens & Angelfish, 1906
0%
Short Story 2016 Gun Accident: An Investigation
0%
Short Story 2001 Gunlove
0%
Short Story 2004 Happiness
0%
Short Story 2011 Helping Hands
0%
Play 2004 Here She Is!
0%
Short Story 2012 Hey Dad
0%
Short Story 2014 High Crime Area
0%
Short Story Collection 2014 High Crime Area: Tales of Darkness and Dread
0%
Short Story 2006 High Lonesome
0%
Short Story Collection 2006 High Lonesome: New & Selected Stories, 1966-2006
0%
Play 2004 Homesick
0%
Short Story 2010 Honor Code
0%
Short Story 2006 Hunger
0%
Short Story Collection 2004 I Am No One You Know: Stories
0%
Short Story 2012 I.D.
0%
Short Story 2004 I'm Not Your Son, I Am No One You Know
0%
Short Story 2004 In Hiding
0%
Short Story 2006 In Hot May
0%
Essay Collection 2010 In Rough Country: Essays and Reviews
0%
Short Story 2000 In Shock
0%
Memoir 2009 In the Absence of Mentors/Monsters
0%
Short Story 2004 Jorie (& Jamie): A Deposition
0%
Non-Fiction Book 2013 Joyce Carol Oates Creates Evangeline Fife, Who Interviews Robert Frost: Lovely, Dark, Deep
0%
Short Story 2009 Landfill
0%
Short Story 2018 Les Beaux Jours
0%
Short Story 2003 Life After High School
0%
Short Story 2014 Lorelei
0%
Short Story 2010 Lost Daddy
0%
Short Story Collection 2014 Lovely, Dark, Deep
0%
Short Story 2014 Lovely, Dark, Deep
0%
Short Story 2001 Lover
0%
Short Story 2006 Madison at Guignol
0%
Short Story 2009 Magada Maria
0%
Short Story 2013 Mastiff
0%
Short Story 2004 Me & Wolfie
0%
Short Story 2009 Mistrial
0%
Short Story 2004 Mrs. Halifax and Rickie Swann: A Ballad
0%
Short Story 2011 Mudgirl Saved by the King of Crows: April 1965
0%
Short Story 2016 Mystery, Inc.
0%
Children's Book 2008 Naughty Chérie!
0%
Play 2004 Negative
0%
Short Story 2018 Night-Gaunts
0%
Short Story Collection 2018 Night-Gaunts and Other Tales of Suspense
0%
Essay 2015 Nighthawk: Recollections of a Lost Time
0%
Short Story 2011 Nowhere
0%
Short Story 2006 Objects in Mirror Are Closer Than They Appear
0%
Short Story 2018 Owl Eyes
0%
Short Story 2009 Panic
0%
Short Story 2008 Park at Ketchum, 1961
0%
Novella 2012 Patricide
0%
Short Story 2001 Physical
0%
Short Story 2008 Poe Posthumous: or, the Light-House
0%
Short Story 2010 Probate
0%
Short Story 2010 Pumpkin-Head
0%
Short Story 2001 Questions
0%
Novella 2003 Rape: A Love Story
0%
Short Story 2012 Roma!
0%
Short Story 2012 Run Kiss Daddy
0%
Short Story 2012 San Quentin
0%
Short Story 2001 Secret, Silent
0%
Short Story 2014 Sex with Camel
0%
Young Adult Novel 2005 Sexy
0%
Short Story 2003 Shot
0%
Short Story 2018 Sign of the Beast
0%
Short Story Collection 2003 Small Avalanches and Other Stories
0%
Short Story 2011 Smother
0%
Short Story 2006 Soft-Core
0%
Short Story 2006 So Help Me God
0%
Short Story 2016 Soldier
0%
Novella 2013 So Near Any Times Always
0%
Memoir 2016 Soul at the White Heat: Inspiration, Obsession, and the Writing Life
0%
Short Story 2010 Sourland
0%
Short Story Collection 2010 Sourland: Stories
0%
Short Story 2009 Special
0%
Short Story 2006 Spider Boy
0%
Short Story 2011 Split/Brain
0%
Short Story 2012 Spotted Hyenas: A Romance
0%
Short Story 2014 "Stephanos Is Dead"
0%
Short Story 2011 Strip Poker
0%
Short Story 2009 Suicide by Fitness Center
0%
Short Story 2007 Suicide Watch
0%
Short Story 2001 Summer Sweat
0%
Short Story 2006 Tell Me You Forgive Me?
0%
Short Story 2011 Tetanus
0%
Play 2004 The Adoption
0%
Short Story 2006 The Banshee
0%
Short Story 2010 The Barter
0%
Short Story 2010 The Beating
0%
Short Story 2018 The Bereaved
0%
Short Story 2009 The Blind Man's Sighted Daughters
0%
Novella 2005 The Corn Maiden: A Love Story
0%
Short Story Collection 2011 The Corn Maiden and Other Nightmares
0%
Short Story 2006 The Cousins
0%
Short Story 2004 The Deaths: An Elegy
0%
Short Story 2014 The Disappearing
0%
Short Story Collection 2016 The Doll-Master and Other Tales of Horror
0%
Novella 2013 The Execution
0%
Short Story 2018 The Experimental Subject
0%
Memoir 2003 The Faith of a Writer: Life, Craft, Art
0%
Short Story Collection 2006 The Female of the Species: Tales of Mystery and Suspense
0%
Short Story 2011 The First Husband
0%
Short Story 2006 The Fish Factory
0%
Novella 2013 The Flatbed
0%
Short Story 2006 The Gathering Squall
0%
Short Story 2004 The Girl with the Blackened Eye
0%
Short Story 2009 The Glazers
0%
Short Story 2012 The Good Samaritan
0%
Short Story 2006 The Haunting
0%
Short Story 2009 The Heart Sutra
0%
Short Story 2014 The Home at Craigmillnar
0%
Short Story 2014 The Hunter
0%
Short Story 2004 The Instructor
0%
Short Story 2014 The Jesters
0%
Short Story 2014 The Last Man of Letters
0%
Short Story 2018 The Long-Legged Girl
0%
Short Story 2006 The Lost Brother
0%
Essay 2015 The Lost Sister: An Elegy
0%
Short Story 2007 The Man Who Fought Roland LaStarza
0%
Short Story 2008 The Master at St. Bartholomew's Hospital, 1914-1916
0%
Short Story 2018 The Memorial Field at Hazard, Minnesota
0%
Short Story 2004 The Mutants
0%
Short Story 2018 The Quiet Car
0%
Novella 2012 The Rescuer
0%
Short Story 2014 The Rescuer
0%
Short Story 2001 The Scarf
0%
Short Story 2004 The Skull: A Love Story
0%
Short Story 2011 The Spill
0%
Short Story 2010 The Story of the Stabbing
0%
Short Story 2003 The Visit
0%
Short Story 2011 The White Cat
0%
Short Story 2018 The Woman in the Window
0%
Short Story 2014 Things Passed on the Way to Oblivion
0%
Short Story 2004 Three Girls
0%
Short Story 2014 Toad-Baby
0%
Poem 2013 Too Young to Marry but Not Too Young to Die
0%
Young Adult Novel 2012 Two or Three Things I Forgot to Tell You
0%
Essay Collection 2005 Uncensored: Views & (Re)views
0%
Short Story 2018 Undocumented Alien
0%
Short Story 2004 Upholstery
0%
Short Story 2010 Uranus
0%
Short Story 2007 Valentine, July Heat Wave
0%
Short Story 2011 Vena Cava
0%
Short Story 2009 Vigilante
0%
Short Story 2018 Walking Wounded
0%
Short Story 2018 Wanting
0%
Short Story 2001 What Then, My Life?
0%
Play 2004 When I Was a Little Girl and My Mother Didn't Want Me
0%
Children's Book 2003 Where Is Little Reynard?
0%
Short Story Collection 2008 Wild Nights! Stories About the Last Days of Poe, Dickinson, Twain, James and Hemingway
0%
Short Story 2004 Wolf's Head Lake
0%
Book Review 2015 You Will Get Yours: A Novel of Rage and Revenge in the N.Y.P.D.
0%
No matching quizzes found
Score Distribution
Percent of People with Each Score
Percentile by Number Answered
Your Score History
You have not taken this quiz